Film dello studio Ghibli - Statistics

Statistiche generali
  • Questo quiz è stato fatto 54 volte
  • Il punteggio medio è 12 su 24
Statistiche sulle risposte
Hint Risposta % Corretto
1992 Porco Rosso
91%
2004 Il castello errante di Howl
87%
1988 Il mio vicino Totoro
87%
2001 La città incantata
83%
1997 La principessa Mononoke
81%
2008 Ponyo sulla scogliera
77%
2023 Il ragazzo e l'airone
74%
1986 Laputa - Castello nel cielo
64%
2013 Si alza il vento
64%
1989 Kiki - Consegne a domicilio
62%
1988 Una tomba per le lucciole
53%
2011 La collina dei papaveri
45%
2010 Arrietty - Il mondo segreto sotto il pavimento
43%
1984 (Realizzato prima della fondazione dello studio Ghibli, ma spesso associato) Nausicaä della Valle del vento
43%
2013 La storia della Principessa Splendente
38%
1994 Pom Poko
36%
2006 I racconti di Terramare
34%
2014 Quando c'era Marnie
34%
1999 I miei vicini Yamada
32%
1995 I sospiri del mio cuore
32%
2002 La ricompensa del gatto
26%
1991 Pioggia di ricordi
23%
1993 Si sente il mare
19%
2020 Earwig e la strega
9%
Nessun quiz corrispondente trovato
Distribuzione punteggi
Percentuale di utenti per punteggio
Percentile per numero di risposta
I tuoi punteggi nel tempo
Non hai fatto questo quiz